| 000 | 01489cam a22001934a 4500 | ||
|---|---|---|---|
| 005 | 20250605164113.0 | ||
| 008 | 250528s ||||||||||||||||||||||||d | ||
| 035 | _a17963 | ||
| 020 | _a77077180 | ||
| 040 |
_aGR-AtMCL _bgre _dGR-AtMCL _eAACR2 |
||
| 245 | 1 | _aBusiness Strategy and Planning / Text and Cases | |
| 260 |
_bMcgraw Hill Book Company, _c1993 |
||
| 300 | _a386 | ||
| 520 | _aA comprehensive and practical treatment of strategic management, business policy and business planning. Preface, Acknowledgements, Introduction, Strategic Analysis, Corporate Appraisal, Competitive Analysis, Environmental Analysis, Market Analysis, Environmentalism and the Green Revolution, Business Forecasting, Strategic Choice and Decision Making, Entrepreneurship, Missions and Objectives and Strategies, Competition Strategies, Volume and Cost, Product-Market Strategies, The Strategic Management of Brands, Corporate Identity and Public Relations, Managing Innovation and Technology, Business Development Strategies, Operations Management and Quality and Value, Financial Strategies, Evaluating Strategic Choice, Strategy Implementation, Strategy and Structure and Planning Style, Organization Culture, Implementing Innovation and Change, Human Resource Management, International Strategy: Thinking Globally and Managing Locally, Financial Management, Business Plans, Case Studies, Appendixes, Index. | ||
| 700 | 1 |
_aMorden Tony _91804 |
|
| 942 | _cBK | ||
| 999 |
_c3357 _d3357 |
||